[Event "2BLS 2324 SC Eppingen - SC Viernheim II"]
[Site "?"]
[Date "2024.03.17"]
[Round "10.4"]
[White "Medvegy, Zoltan"]
[Black "Aizpurua, Patrick Emilio"]
[Result "1/2-1/2"]
[WhiteElo "2501"]
[BlackElo "2314"]
[PlyCount "53"]
[EventDate "2024.??.??"]

1. Nf3 d5 2. c4 c6 3. e3 Nf6 4. Nc3 a6 5. Qc2 e6 6. d4 Nbd7 7. b3 dxc4 8. bxc4 c5 9. Be2 Be7 10. a4 cxd4 11. exd4 Qc7 12. Bb2 b6 13. O-O Bb7 14. a5 b5 15. d5 b4 16. dxe6 fxe6 17. Nb1 Qc6 18. Nbd2 Nc5 19. Rfe1 O-O 20. Bf1 Rad8 21. Ng5 Rxd2 22. Qxd2 Nfe4 23. Nxe4 Nxe4 24. Qe3 Bh4 25. Re2 Bxf2+ 26. Rxf2 Rxf2 27. Bd4 1/2-1/2

[Event "2BLS 2324 SC Eppingen - SC Viernheim II"]
[Site "?"]
[Date "2024.03.17"]
[Round "10.5"]
[White "Meinhardt, Maximilian"]
[Black "Guliyev, Namig"]
[Result "1/2-1/2"]
[WhiteElo "2372"]
[BlackElo "2508"]
[PlyCount "91"]
[EventDate "2024.??.??"]

1. e4 c5 2. Nc3 Nc6 3. g3 g6 4. Bg2 Bg7 5. d3 d6 6. f4 e6 7. Nf3 Nge7 8. O-O O-O 9. Be3 b6 10. Bf2 Ba6 11. g4 Qd7 12. f5 Rae8 13. Bh4 exf5 14. gxf5 gxf5 15. Bh3 Kh8 16. Kh1 Bb7 17. Rg1 Bxc3 18. Qd2 Bxb2 19. c3 f6 20. Qh6 Ng6 21. Rxg6 Bxa1 22. Bxf5 Qe7 23. Ng5 fxg5 24. Bxg5 Rxf5 25. Bxe7 Rxe7 26. exf5 Ne5+ 27. Kg1 Nxg6 28. fxg6 Rg7 29. Qc1 Rxg6+ 30. Kf1 Rf6+ 31. Ke2 Bxc3 32. Qxc3 Kg7 33. Qc4 Bf3+ 34. Kd2 d5 35. Qh4 h5 36. Qg3+ Kh6 37. Qe5 Rf7 38. Qe6+ Kg7 39. Qe5+ Kg6 40. Qe6+ Rf6 41. Qg8+ Kf5 42. Ke3 Ke5 43. Qb8+ Ke6 44. Qe8+ Kd6 45. Qb8+ Ke6 46. Qe8+ 1/2-1/2

[Event "2BLS 2324 SC Eppingen - SC Viernheim II"]
[Site "?"]
[Date "2024.03.17"]
[Round "10.6"]
[White "Juhasz, Armin"]
[Black "Lanka, Zigurds"]
[Result "1/2-1/2"]
[WhiteElo "2391"]
[BlackElo "2357"]
[PlyCount "43"]
[EventDate "2024.??.??"]

1. Nf3 g6 2. e4 c5 3. c4 Bg7 4. d4 cxd4 5. Nxd4 Nc6 6. Be3 Nf6 7. Nc3 Ng4 8. Qxg4 Nxd4 9. Qd1 Ne6 10. Rc1 Qa5 11. Be2 b6 12. Qd5 Nc7 13. Qxa5 bxa5 14. O-O Bb7 15. f3 Ne6 16. Rfd1 Be5 17. Rc2 Bc6 18. Nd5 g5 19. g3 h5 20. Bf1 h4 21. Bf2 hxg3 22. hxg3 1/2-1/2

[Event "2BLS 2324 SC Eppingen - SC Viernheim II"]
[Site "?"]
[Date "2024.03.17"]
[Round "10.7"]
[White "Engemann, Till"]
[Black "Gibicar, Danijel"]
[Result "0-1"]
[WhiteElo "2086"]
[BlackElo "2265"]
[PlyCount "60"]
[EventDate "2024.??.??"]

1. d4 Nf6 2. c4 e6 3. Nc3 Bb4 4. Qc2 d5 5. a3 Bxc3+ 6. Qxc3 c5 7. dxc5 d4 8. Qc2 e5 9. e3 Nc6 10. Nf3 O-O 11. Be2 Qe7 12. O-O d3 13. Qxd3 e4 14. Qd6 exf3 15. Bxf3 Qxd6 16. cxd6 Ne5 17. b3 Rd8 18. c5 Nxf3+ 19. gxf3 Nd7 20. b4 b6 21. c6 Ne5 22. b5 Rxd6 23. Bb2 Nd3 24. Rfd1 Rg6+ 25. Kf1 Bh3+ 26. Ke2 Nxf2 27. c7 Nxd1 28. Rxd1 Re6 29. Rd8+ Re8 30. c8=Q Rxc8 0-1

[Event "2BLS 2324 SC Eppingen - SC Viernheim II"]
[Site "?"]
[Date "2024.03.17"]
[Round "10.8"]
[White "Cofmann, Veaceslav"]
[Black "Schmohel, Andreas"]
[Result "1-0"]
[WhiteElo "2205"]
[BlackElo "2039"]
[PlyCount "83"]
[EventDate "2024.??.??"]

1. d4 Nf6 2. c4 e6 3. Nf3 d5 4. Nc3 c5 5. cxd5 exd5 6. g3 Nc6 7. Bg2 cxd4 8. Nxd4 Bc5 9. Nb3 Bb6 10. O-O d4 11. Na4 O-O 12. Nxb6 axb6 13. Bxc6 bxc6 14. Qxd4 c5 15. Qxd8 Rxd8 16. Bf4 Nd5 17. Bd2 Be6 18. Rfe1 h6 19. e4 Nf6 20. Bc3 Nxe4 21. Rxe4 Bxb3 22. a3 Rd7 23. Rae1 Be6 24. h4 h5 25. Re5 g6 26. Rxe6 fxe6 27. Rxe6 Kh7 28. Rxb6 Rc8 29. a4 Rdc7 30. Rd6 Rc6 31. Rd7+ Kg8 32. a5 R8c7 33. Rd5 Kf7 34. Kg2 Ke6 35. Rg5 Kd7 36. f4 Kc8 37. f5 gxf5 38. Rxh5 Rf7 39. Kf3 Re6 40. Rg5 Kd7 41. h5 Rh6 42. Bg7 1-0

[Event "2BLS 2324 Heilbronner SV - SF Bad Mergen"]
[Site "?"]
[Date "2024.03.17"]
[Round "10.1"]
[White "Kazakouski, Valery"]
[Black "Baenziger, Fabian"]
[Result "1/2-1/2"]
[WhiteElo "2608"]
[BlackElo "2417"]
[PlyCount "155"]
[EventDate "2024.??.??"]

1. Nf3 d5 2. c4 e6 3. d4 Nf6 4. Nc3 h6 5. Bf4 Bd6 6. Bxd6 Qxd6 7. g3 O-O 8. Bg2 Nc6 9. b3 Rd8 10. cxd5 exd5 11. Qc2 Ne7 12. Nh4 Be6 13. O-O c6 14. a3 Nc8 15. Na4 Qe7 16. Nc5 Nd6 17. Rad1 Re8 18. Rfe1 Rad8 19. Nxe6 Qxe6 20. e3 Re7 21. Nf3 Nde4 22. Ne5 Nd7 23. Nd3 Qf5 24. f3 Nd6 25. Re2 Rde8 26. Rde1 Qf6 27. Nf2 h5 28. a4 a6 29. Qd2 Qh6 30. e4 Qxd2 31. Rxd2 dxe4 32. fxe4 f6 33. Rc1 g6 34. b4 Kg7 35. Bf3 Nb6 36. Ra2 Nd7 37. Kg2 Nf8 38. Rd2 Nd7 39. h4 Nb6 40. Ra2 Nd7 41. Ra3 Kf7 42. Rd1 Kg7 43. Rb3 Rd8 44. Kf1 Rde8 45. a5 Rc8 46. Rc1 Nb5 47. Rd3 Rd8 48. Kg2 Nd6 49. Rd2 Kf8 50. Rcd1 Kg7 51. Rd3 Kf8 52. e5 Nf5 53. Ne4 Kg7 54. Kf2 Rf8 55. Nc5 Nxc5 56. exf6+ Rxf6 57. bxc5 Ref7 58. Rb3 Kh6 59. Kg2 Re7 60. Rdd3 Rfe6 61. Kf2 Rf6 62. d5 cxd5 63. Rxd5 Rc7 64. Kg2 Re6 65. Kf2 Rf6 66. Rbd3 Rff7 67. Re5 Kg7 68. Kg2 Rfe7 69. Rxe7+ Nxe7 70. Rc3 Kf6 71. Kf2 Ke5 72. Rc4 Nc6 73. Re4+ Kf6 74. Ra4 Ne5 75. Be4 Rxc5 76. Bxb7 Nc4 77. Bxa6 Rxa5 78. Rxa5 1/2-1/2

[Event "2BLS 2324 Heilbronner SV - SF Bad Mergen"]
[Site "?"]
[Date "2024.03.17"]
[Round "10.3"]
[White "Razafindratsima, Timothe"]
[Black "Fecker, Noah"]
[Result "1-0"]
[WhiteElo "2434"]
[BlackElo "2394"]
[PlyCount "75"]
[EventDate "2024.??.??"]

1. e4 c5 2. Nf3 e6 3. d4 cxd4 4. Nxd4 Nc6 5. Nc3 Qc7 6. Qd3 Nf6 7. Ndb5 Qb8 8. Qg3 d6 9. Be3 a6 10. Nd4 h5 11. f3 h4 12. Qf2 Bd7 13. a4 Na5 14. Nb3 Nxb3 15. cxb3 b5 16. axb5 axb5 17. Ra7 Rxa7 18. Bxa7 Qb7 19. Bd3 Bc6 20. O-O h3 21. Ra1 hxg2 22. Bd4 b4 23. Ra7 Qb8 24. Ne2 Nd7 25. f4 Nc5 26. Bxc5 dxc5 27. Ra6 Qb7 28. Ng3 Be7 29. f5 O-O 30. Nh5 Bg5 31. Qxc5 Bxe4 32. Qd4 Be3+ 33. Qxe3 exf5 34. Qd4 f6 35. Ra7 Qc8 36. Rxg7+ Kh8 37. Qe3 f4 38. Qxe4 1-0

[Event "2BLS 2324 Heilbronner SV - SF Bad Mergen"]
[Site "?"]
[Date "2024.03.17"]
[Round "10.4"]
[White "Zuferi, Enis"]
[Black "Neuman, Petr"]
[Result "1-0"]
[WhiteElo "2400"]
[BlackElo "2399"]
[PlyCount "87"]
[EventDate "2024.??.??"]

1. d4 d5 2. c4 e6 3. Nc3 a6 4. cxd5 exd5 5. Qb3 c5 6. Nxd5 Nc6 7. Nf3 cxd4 8. e4 Nf6 9. Bc4 Nxd5 10. Bxd5 Bb4+ 11. Bd2 Bxd2+ 12. Nxd2 O-O 13. O-O Ne7 14. Nf3 Nxd5 15. exd5 Bf5 16. Rfe1 d3 17. Rad1 h6 18. Ne5 Qg5 19. Nxd3 Bg4 20. Ra1 Rfe8 21. f4 Qf6 22. Re5 Bf5 23. Rae1 Red8 24. Nc5 b6 25. Na4 Rab8 26. Qe3 Bd7 27. Nc3 Qd6 28. Qd4 Rbc8 29. h3 Qc5 30. Qxc5 Rxc5 31. a3 Kf8 32. Kf2 b5 33. R5e4 a5 34. Rd4 Bc8 35. d6 f6 36. Red1 Be6 37. R1d2 Bc4 38. b4 axb4 39. axb4 Rc6 40. Ne4 Ra6 41. Nc5 Ra2 42. Rxa2 Bxa2 43. f5 Kf7 44. Rd1 1-0

[Event "2BLS 2324 Heilbronner SV - SF Bad Mergen"]
[Site "?"]
[Date "2024.03.17"]
[Round "10.5"]
[White "Vlasak, Lukas"]
[Black "Wenninger, Philipp"]
[Result "1-0"]
[WhiteElo "2460"]
[BlackElo "2348"]
[PlyCount "85"]
[EventDate "2024.??.??"]

1. d4 d5 2. Nf3 Nf6 3. c4 c6 4. Nc3 e6 5. e3 Nbd7 6. Qc2 Bd6 7. Be2 O-O 8. O-O Qe7 9. b3 b6 10. Bb2 Bb7 11. Rfe1 Rad8 12. Rad1 Rfe8 13. g3 a6 14. Bf1 c5 15. cxd5 exd5 16. Bg2 Rc8 17. Qb1 c4 18. bxc4 dxc4 19. e4 Bb4 20. Nd2 Qd8 21. a3 Ba5 22. Qc2 Nf8 23. e5 Nd5 24. Nde4 Nxc3 25. Bxc3 Bxe4 26. Bxe4 b5 27. d5 Bxc3 28. Qxc3 Qb6 29. Kg2 h5 30. Rb1 Rc5 31. Rb2 Rb8 32. Reb1 Rcc8 33. f4 g6 34. f5 Nd7 35. e6 fxe6 36. Rxb5 Qxb5 37. Rxb5 Rxb5 38. fxe6 Nf8 39. Qf6 c3 40. Qf7+ Kh8 41. e7 Rbb8 42. Qf6+ Kg8 43. d6 1-0

[Event "2BLS 2324 Heilbronner SV - SF Bad Mergen"]
[Site "?"]
[Date "2024.03.17"]
[Round "10.6"]
[White "Degenhard, Simon"]
[Black "Nemec, Jachym"]
[Result "0-1"]
[WhiteElo "2209"]
[BlackElo "2412"]
[PlyCount "86"]
[EventDate "2024.??.??"]

1. e4 c6 2. d4 d5 3. Nd2 dxe4 4. Nxe4 Nf6 5. Nxf6+ exf6 6. c3 Bd6 7. Bd3 O-O 8. Qc2 Re8+ 9. Ne2 h5 10. Be3 Nd7 11. O-O-O Nf8 12. Kb1 h4 13. h3 a6 14. c4 Be6 15. a3 Ng6 16. Rhe1 Rc8 17. Nc3 Ne7 18. Bc1 Qd7 19. Re4 b5 20. c5 Bc7 21. Rxh4 Nf5 22. Re4 Rb8 23. Bf4 Red8 24. Bxc7 Qxc7 25. Rxe6 fxe6 26. Bxf5 exf5 27. Qxf5 Re8 28. Ne4 b4 29. Rd3 Qf7 30. axb4 Rxb4 31. Rg3 Kf8 32. Nd6 Qe6 33. Qh5 Qe1+ 34. Ka2 Ra4+ 35. Ra3 Rxa3+ 36. Kxa3 Qa1+ 37. Kb3 Rb8+ 38. Kc4 Qf1+ 39. Kc3 Qc1+ 40. Kd3 Rb3+ 41. Ke4 Qc2+ 42. Kf4 Qxf2+ 43. Ke4 Re3# 0-1

[Event "2BLS 2324 Heilbronner SV - SF Bad Mergen"]
[Site "?"]
[Date "2024.03.17"]
[Round "10.7"]
[White "Gasthofer, Alexander"]
[Black "Huber, Philipp"]
[Result "1-0"]
[WhiteElo "2385"]
[BlackElo "2306"]
[PlyCount "89"]
[EventDate "2024.??.??"]

1. Nf3 Nf6 2. g3 g6 3. c4 Bg7 4. Bg2 O-O 5. O-O d6 6. d4 Bf5 7. Nc3 Ne4 8. Nxe4 Bxe4 9. Be3 Qc8 10. Qd2 Nc6 11. d5 Bxf3 12. exf3 Ne5 13. Qe2 c5 14. dxc6 Nxc6 15. Rfd1 Qd7 16. f4 b6 17. Rac1 Rac8 18. b3 Rc7 19. Bf3 Qc8 20. Kg2 Re8 21. Bg4 Qb7 22. Bf3 Qc8 23. Bg4 Qb7 24. Bf3 Qa6 25. h4 h5 26. Be4 f5 27. Bf3 Qc8 28. Qd2 Kh7 29. b4 Rd8 30. a3 Bf6 31. Qd5 e6 32. Qd2 Ne7 33. Bd4 e5 34. Bxe5 dxe5 35. Qxd8 e4 36. Be2 Qb7 37. Rd6 Ng8 38. Qe8 Re7 39. Qc6 Qxc6 40. Rxc6 Bb2 41. Rb1 Bxa3 42. Rb3 Bc1 43. c5 e3 44. cxb6 axb6 45. Rxc1 1-0

[Event "2BLS 2324 Heilbronner SV - SF Bad Mergen"]
[Site "?"]
[Date "2024.03.17"]
[Round "10.8"]
[White "Ramirez Marin, Ivan"]
[Black "Gasthofer, Viktor"]
[Result "1-0"]
[WhiteElo "2272"]
[BlackElo "2296"]
[PlyCount "211"]
[EventDate "2024.??.??"]

1. c4 e6 2. g3 d5 3. Bg2 Nf6 4. Nf3 Be7 5. O-O O-O 6. b3 c5 7. cxd5 Nxd5 8. Bb2 Nc6 9. d4 cxd4 10. Nxd4 Bd7 11. Nc3 Nxc3 12. Bxc3 Rc8 13. Rc1 a6 14. Qd2 Nxd4 15. Bxd4 Bc6 16. Bxc6 bxc6 17. Qc3 Bf6 18. Bxf6 Qxf6 19. Qxf6 gxf6 20. Rfd1 Rc7 21. Rc4 Rfc8 22. Kg2 Kf8 23. Kf3 Ke7 24. Rdd4 f5 25. Rh4 Rh8 26. Rc5 Kd6 27. Ra5 Ra7 28. Rd4+ Ke7 29. Ke3 Rb8 30. Rda4 Rba8 31. Rh4 Rh8 32. Kd4 Kd6 33. Kc4 Kc7 34. g4 Kb6 35. gxf5 exf5 36. Rxf5 Re8 37. e3 Rd7 38. Rxh7 Rd2 39. Rfxf7 Rc2+ 40. Kd3 Rxa2 41. Kc3 a5 42. Rh4 Re5 43. Rf6 Rc5+ 44. Rc4 a4 45. Rxc5 Kxc5 46. Rf5+ Kb6 47. bxa4 Rxa4 48. f4 c5 49. Kd3 Kb5 50. h4 Kb4 51. Rf8 Ra3+ 52. Ke4 c4 53. Rb8+ Kc3 54. f5 Kd2 55. Rb2+ Kd1 56. Rf2 c3 57. f6 c2 58. Rxc2 Kxc2 59. f7 Ra8 60. Ke5 Kd3 61. e4 Rf8 62. Kf6 Kxe4 63. h5 Rh8 64. Kg7 Rxh5 65. f8=Q Rg5+ 66. Kh6 Re5 67. Kg6 Re6+ 68. Kg5 Re5+ 69. Kg4 Kd5 70. Qf7+ Kd4 71. Qf6 Ke4 72. Qf3+ Kd4 73. Kf4 Rd5 74. Qe3+ Kc4 75. Ke4 Rc5 76. Qd3+ Kb4 77. Kd4 Rb5 78. Qc3+ Ka4 79. Qa1+ Kb3 80. Qd1+ Kb4 81. Qd2+ Kb3 82. Qc1 Rb4+ 83. Kc5 Ka2 84. Qd2+ Rb2 85. Qd5+ Kb1 86. Kc4 Rb8 87. Qh1+ Ka2 88. Qh2+ Rb2 89. Qh8 Kb1 90. Kc3 Rc2+ 91. Kd3 Rb2 92. Qh5 Rb8 93. Kc3 Rb2 94. Qd1+ Ka2 95. Qd5+ Kb1 96. Qd4 Ka2 97. Qd1 Rb6 98. Qd5+ Kb1 99. Qd1+ Ka2 100. Qe2+ Ka3 101. Qe7+ Ka4 102. Qc5 Rb5 103. Qa7+ Ra5 104. Qd7+ Ka3 105. Qd4 Rb5 106. Qa7+ 1-0

[Event "2BLS 2324 TSV Schott Mainz - TSV Schöna"]
[Site "?"]
[Date "2024.03.17"]
[Round "10.1"]
[White "Koelle, Tobias"]
[Black "Lobron, Eric"]
[Result "1-0"]
[WhiteElo "2460"]
[BlackElo "2471"]
[PlyCount "79"]
[EventDate "2024.??.??"]

1. d4 Nf6 2. c4 d6 3. Nc3 e5 4. Nf3 Nbd7 5. e4 c6 6. Be2 Be7 7. O-O a6 8. Qc2 O-O 9. Rd1 Qc7 10. h3 b5 11. a3 Bb7 12. Be3 Rfe8 13. cxb5 cxb5 14. d5 Rac8 15. Rdc1 Bd8 16. Nd2 Qb8 17. b4 Bb6 18. Bxb6 Nxb6 19. Qb3 Qa7 20. Rc2 g6 21. Rac1 Kg7 22. Bd3 Rc7 23. Nxb5 Rxc2 24. Nxa7 Rxc1+ 25. Kh2 Ra8 26. Nc6 Bxc6 27. Qb2 Bb5 28. Bxb5 Rc7 29. Bc6 Raa7 30. a4 a5 31. bxa5 Nxa4 32. Bxa4 Rxa5 33. Qb4 Rca7 34. Bb3 Ne8 35. Nc4 R5a6 36. Nb2 Ra1 37. Ba4 Nf6 38. Qxd6 Rb7 39. Qxe5 Rb4 40. d6 1-0

[Event "2BLS 2324 TSV Schott Mainz - TSV Schöna"]
[Site "?"]
[Date "2024.03.17"]
[Round "10.2"]
[White "Frischmann, Rick"]
[Black "Deuer, Marius"]
[Result "0-1"]
[WhiteElo "2368"]
[BlackElo "2430"]
[PlyCount "80"]
[EventDate "2024.??.??"]

1. e4 e5 2. Nf3 Nc6 3. d4 exd4 4. Nxd4 Nf6 5. Nxc6 bxc6 6. e5 Qe7 7. Qe2 Nd5 8. c4 Nb6 9. Nc3 Ba6 10. Qe4 Qe6 11. b3 O-O-O 12. f4 f6 13. Bb2 Re8 14. O-O-O fxe5 15. fxe5 Qxe5 16. Qxe5 Rxe5 17. Bd3 Re3 18. Rhf1 d5 19. Rf7 Kb7 20. Kd2 Bc5 21. b4 Rxd3+ 22. Kxd3 Nxc4 23. Rb1 Nxb2+ 24. Kc2 Bd3+ 25. Kxb2 Bxb1 26. bxc5 Bg6 27. Rxg7 Re8 28. h4 d4 29. Nd1 Re1 30. Kc1 Re2 31. h5 Bxh5 32. Rxh7 Bg6 33. Rh4 Rxg2 34. Rh6 Bf5 35. Rf6 Rc2+ 36. Kb1 Rxc5+ 37. Kb2 Rc2+ 38. Kb3 Rd2 39. Nb2 Be4 40. Na4 Bc2+ 0-1

[Event "2BLS 2324 TSV Schott Mainz - TSV Schöna"]
[Site "?"]
[Date "2024.03.17"]
[Round "10.3"]
[White "Iermito, Sebastian"]
[Black "Cicak, Slavko"]
[Result "1/2-1/2"]
[WhiteElo "2509"]
[BlackElo "2493"]
[PlyCount "35"]
[EventDate "2024.??.??"]

1. e4 c5 2. Nf3 d6 3. d4 cxd4 4. Nxd4 Nf6 5. Bd3 g6 6. c4 Bg7 7. Nc3 Nc6 8. Nde2 Ne5 9. O-O O-O 10. b3 Nxd3 11. Qxd3 Bd7 12. h3 Bc6 13. Be3 Nd7 14. Rad1 a5 15. Bd4 Bh6 16. Rb1 Nc5 17. Qc2 Ne6 18. Qd3 1/2-1/2

[Event "2BLS 2324 TSV Schott Mainz - TSV Schöna"]
[Site "?"]
[Date "2024.03.17"]
[Round "10.4"]
[White "Barzen, Pascal"]
[Black "Korneev, Oleg"]
[Result "0-1"]
[WhiteElo "2286"]
[BlackElo "2482"]
[PlyCount "50"]
[EventDate "2024.??.??"]

1. e4 c5 2. Nf3 e6 3. d4 cxd4 4. Nxd4 Nc6 5. Nc3 Qc7 6. Be3 a6 7. Qd2 Nf6 8. f3 Be7 9. O-O-O b5 10. Nxc6 dxc6 11. g4 e5 12. Kb1 O-O 13. Qf2 Be6 14. h4 Rfd8 15. Bd3 Nd7 16. f4 exf4 17. Bxf4 Qa5 18. Kc1 b4 19. Nb1 Qxa2 20. g5 c5 21. b3 c4 22. Bxc4 Bxc4 23. bxc4 Nc5 24. Qe3 b3 25. Qc3 bxc2 0-1

[Event "2BLS 2324 TSV Schott Mainz - TSV Schöna"]
[Site "?"]
[Date "2024.03.17"]
[Round "10.5"]
[White "Kocharin, Timur"]
[Black "Schenderowitsch, Michael"]
[Result "0-1"]
[WhiteElo "2259"]
[BlackElo "2268"]
[PlyCount "144"]
[EventDate "2024.??.??"]

1. e4 c6 2. d4 d5 3. e5 c5 4. Nf3 Nc6 5. dxc5 Bg4 6. c3 e6 7. Bb5 Bxf3 8. Qxf3 Bxc5 9. Qg3 Nge7 10. Bd3 Ng6 11. Bxg6 fxg6 12. Nd2 O-O 13. O-O Qe7 14. Nf3 Qf7 15. Be3 b6 16. Rad1 Rad8 17. Rfe1 h6 18. a3 Ne7 19. Bxc5 bxc5 20. b4 Rc8 21. Rc1 Rc7 22. b5 Rb8 23. a4 g5 24. c4 dxc4 25. Nd2 Nf5 26. Qc3 Rd8 27. Nxc4 Rd4 28. a5 Qd7 29. b6 axb6 30. axb6 Rb7 31. Rb1 Qd8 32. Qb3 Rd3 33. Qc2 Rd4 34. Red1 Qd5 35. Na5 Rxb6 36. Rbc1 Rxd1+ 37. Rxd1 Nd4 38. Qd3 Rb4 39. Rc1 Qxe5 40. Nc4 Rxc4 41. Qxc4 Ne2+ 42. Kf1 Nxc1 43. Qxc1 Qd4 44. h3 Qd3+ 45. Kg1 c4 46. Qe1 Kf7 47. Qa5 c3 48. Qc7+ Kg8 49. Qc8+ Kh7 50. Qxe6 c2 51. Qc6 Qe2 52. Kh2 Qxf2 53. Qe4+ Kg8 54. Qe6+ Kf8 55. Qc8+ Ke7 56. Qc7+ Ke6 57. Qc6+ Ke5 58. Qc3+ Kd5 59. Qd3+ Kc6 60. Qa6+ Kc7 61. Qc4+ Kb7 62. Qd5+ Kb6 63. Qb3+ Ka7 64. Qa4+ Kb7 65. Qb4+ Kc7 66. Qc4+ Kd6 67. Qd3+ Ke5 68. Qc3+ Kf5 69. Qc8+ Kg6 70. Qc6+ Kh5 71. Qe8+ g6 72. Qc6 Qf4+ 0-1

[Event "2BLS 2324 TSV Schott Mainz - TSV Schöna"]
[Site "?"]
[Date "2024.03.17"]
[Round "10.6"]
[White "Krivonosov, Oleg"]
[Black "Beyer, Christian"]
[Result "1/2-1/2"]
[WhiteElo "2348"]
[BlackElo "2215"]
[PlyCount "253"]
[EventDate "2024.??.??"]

1. Nf3 d5 2. d4 e6 3. c4 c5 4. cxd5 exd5 5. Nc3 Nc6 6. g3 Nf6 7. Bg2 Be7 8. O-O O-O 9. Bg5 c4 10. Ne5 Be6 11. Nxc6 bxc6 12. b3 Qa5 13. Qc2 Rfd8 14. Rfd1 Rab8 15. bxc4 dxc4 16. Ne4 Qa3 17. Bc1 Qb4 18. Ng5 Bd7 19. Bf4 Rb5 20. Be5 h6 21. Bxf6 Bxf6 22. Ne4 Be7 23. Nc3 Rbb8 24. Rab1 Qa5 25. d5 Rxb1 26. Rxb1 Bf6 27. dxc6 Bxc6 28. Bxc6 Qxc3 29. Qxc3 Bxc3 30. Rc1 Bf6 31. Rxc4 Rd2 32. e3 Bd8 33. a4 Kf8 34. Bb5 Ke7 35. Re4+ Kf6 36. Rf4+ Ke7 37. Bc4 f6 38. Rg4 Kf8 39. Bb5 Rc2 40. Bd3 Rc5 41. Kf1 Bb6 42. Rb4 Ke7 43. h4 Re5 44. Ke2 f5 45. Rf4 Ke6 46. h5 Rc5 47. g4 fxg4 48. Rxg4 Rg5 49. Re4+ Kd6 50. Rh4 Rc5 51. Bg6 Ke6 52. Rf4 Rc7 53. Kd3 Rc5 54. Rf7 Rc7 55. Rf8 Rd7+ 56. Ke2 Rd8 57. Rf4 Rd6 58. Rc4 Ke7 59. f4 Rd5 60. Kf3 Rc5 61. Re4+ Kf6 62. Re8 Rc3 63. Ke2 Bc7 64. Rf8+ Ke6 65. e4 Bb6 66. Re8+ Kd7 67. Rg8 Bd4 68. e5 Re3+ 69. Kd2 Ra3 70. Bf5+ Ke7 71. Rxg7+ Kf8 72. Rd7 Be3+ 73. Kc2 Rxa4 74. Bg6 Rxf4 75. e6 Bc5 76. Rc7 Be7 77. Rxa7 Rf6 78. Bf7 Rf3 79. Rb7 Bg5 80. Kd1 Re3 81. Kc2 Bf6 82. Rb8+ Ke7 83. Rb7+ Kf8 84. Rb5 Bg5 85. Rf5 Ke7 86. Bg8 Bf6 87. Rf1 Rh3 88. Bf7 Bg5 89. Kd1 Re3 90. Rf5 Kd6 91. Rb5 Ke7 92. Rb6 Kf8 93. Kc2 Ke7 94. Rb8 Bf6 95. Re8+ Kd6 96. Rg8 Bg5 97. Rg7 Ke7 98. Kd1 Kf6 99. Rg6+ Ke7 100. Kc2 Kd6 101. Rg8 Ke7 102. Ra8 Bf4 103. Ra5 Bg5 104. Rf5 Kd6 105. Bg8 Re5 106. Rf1 Rc5+ 107. Kb3 Rb5+ 108. Ka4 Rb8 109. Bf7 Ke7 110. Rd1 Rd8 111. Rf1 Rb8 112. Ka5 Kd6 113. Rf5 Bd2+ 114. Ka4 Bg5 115. Ra5 Rb1 116. Rd5+ Ke7 117. Rd7+ Kf8 118. Rc7 Be7 119. Rc8+ Kg7 120. Rg8+ Kh7 121. Re8 Rb7 122. Ka5 Bg5 123. Ka6 Rb2 124. Rg8 Be7 125. Re8 Bg5 126. Rf8 Kg7 127. Rg8+ 1/2-1/2

[Event "2BLS 2324 TSV Schott Mainz - TSV Schöna"]
[Site "?"]
[Date "2024.03.17"]
[Round "10.7"]
[White "Brunner, Jan"]
[Black "Cremer, Kevin"]
[Result "1-0"]
[WhiteElo "2226"]
[BlackElo "2260"]
[PlyCount "53"]
[EventDate "2024.??.??"]

1. d4 e6 2. c4 b6 3. Nf3 Bb7 4. g3 Bb4+ 5. Bd2 c5 6. Bxb4 cxb4 7. Bg2 Nf6 8. O-O O-O 9. Qd3 a5 10. Nbd2 d6 11. a3 bxa3 12. bxa3 a4 13. Rab1 Ra5 14. Ne1 d5 15. Nc2 Nc6 16. Rfd1 Ba6 17. Nb4 Qa8 18. Qc3 Ne7 19. Nxa6 Qxa6 20. Qb4 Nc6 21. Qb2 Rb8 22. e3 b5 23. Bf1 Qb6 24. cxb5 Na7 25. Rdc1 Nd7 26. Qb4 Qd8 27. b6 1-0

[Event "2BLS 2324 TSV Schott Mainz - TSV Schöna"]
[Site "?"]
[Date "2024.03.17"]
[Round "10.8"]
[White "Goebel, Constantin"]
[Black "Reck, Moritz"]
[Result "1/2-1/2"]
[WhiteElo "2243"]
[BlackElo "2050"]
[PlyCount "85"]
[EventDate "2024.??.??"]

1. e4 g6 2. d4 Bg7 3. Nf3 d6 4. Nc3 Nf6 5. h3 O-O 6. Be3 a6 7. a4 Nbd7 8. Qd2 c5 9. dxc5 Nxc5 10. Bd3 b6 11. Bh6 Bxh6 12. Qxh6 Bb7 13. Ng5 b5 14. O-O b4 15. Nd1 Bxe4 16. Ne3 Bxd3 17. Ng4 Nce4 18. Nxf6+ Nxf6 19. cxd3 Rc8 20. Rae1 Rc5 21. Ne4 Re5 22. Nxf6+ exf6 23. Qf4 a5 24. Qd4 Qd7 25. b3 Qe6 26. Rb1 Rc8 27. Qb6 Qd5 28. Rbc1 Rc3 29. Rxc3 bxc3 30. d4 Re2 31. b4 axb4 32. Qxb4 c2 33. a5 Qc6 34. Rc1 Re8 35. a6 Qxa6 36. Rxc2 Kg7 37. Kh2 d5 38. Rc7 Qe6 39. Qb7 Qd6+ 40. g3 Qe6 41. Rd7 f5 42. Qxd5 Qxd5 43. Rxd5 1/2-1/2

[Event "2BLS 2324 SV 1920 Hofheim - SK Schmiden/"]
[Site "?"]
[Date "2024.03.17"]
[Round "10.1"]
[White "Kabisch, Thilo"]
[Black "Bosiocic, Marin"]
[Result "0-1"]
[WhiteElo "2224"]
[BlackElo "2549"]
[PlyCount "86"]
[EventDate "2024.??.??"]

1. Nf3 d5 2. b3 Bg4 3. Bb2 Nd7 4. e3 e6 5. Be2 Ngf6 6. h3 Bxf3 7. Bxf3 Bd6 8. d3 Qe7 9. a3 c6 10. Nd2 e5 11. g3 Nc5 12. Bg2 h5 13. Qe2 h4 14. g4 O-O-O 15. a4 Ne6 16. b4 Bxb4 17. Bxe5 Qc5 18. O-O Qxc2 19. Rfd1 Nc5 20. Bf1 Nfd7 21. Bh2 Ne6 22. d4 Rde8 23. Rac1 Qg6 24. Nb3 Kd8 25. a5 a6 26. Qb2 Ng5 27. Bg2 f5 28. Nc5 Bxc5 29. Qxb7 fxg4 30. hxg4 h3 31. Bh1 Ne4 32. f3 Bd6 33. Rxc6 Qg5 34. Re1 Qh4 35. Rc8+ Ke7 36. Bxd6+ Nxd6 37. Rxe8+ Rxe8 38. Qb4 Rf8 39. Kf1 Qxg4 40. Ke2 Qg3 41. Rf1 Rb8 42. Qa3 Qh2+ 43. Kd3 Rb2 0-1

[Event "2BLS 2324 SV 1920 Hofheim - SK Schmiden/"]
[Site "?"]
[Date "2024.03.17"]
[Round "10.2"]
[White "Sumets, Andrey"]
[Black "Trachtmann, Mark"]
[Result "1-0"]
[WhiteElo "2518"]
[BlackElo "2212"]
[PlyCount "53"]
[EventDate "2024.??.??"]

1. d4 Nf6 2. c4 e6 3. Nc3 d5 4. Nf3 c5 5. e3 Nc6 6. cxd5 Nxd5 7. Bd3 cxd4 8. exd4 Be7 9. O-O Nxc3 10. bxc3 O-O 11. Qc2 h6 12. Qe2 Qa5 13. Bd2 Rd8 14. Rfe1 Bf6 15. Rab1 Qxa2 16. Qe4 Kf8 17. Qh7 a5 18. h4 Ne7 19. g4 Ng8 20. g5 hxg5 21. hxg5 Be7 22. Qh8 g6 23. Bf4 Bd6 24. Bxd6+ Rxd6 25. Ne5 Qd2 26. Re3 b5 27. Nxg6+ 1-0

[Event "2BLS 2324 SV 1920 Hofheim - SK Schmiden/"]
[Site "?"]
[Date "2024.03.17"]
[Round "10.3"]
[White "Krockenberger, Martin"]
[Black "Shneider, Aleksandr"]
[Result "1/2-1/2"]
[WhiteElo "2119"]
[BlackElo "2461"]
[PlyCount "52"]
[EventDate "2024.??.??"]

1. d4 Nf6 2. Nf3 e6 3. c4 b6 4. g3 Ba6 5. b3 Bb4+ 6. Bd2 Be7 7. Bg2 c6 8. O-O d5 9. Ne5 Nfd7 10. Nxd7 Nxd7 11. Bc3 Nf6 12. Nd2 c5 13. dxc5 bxc5 14. cxd5 exd5 15. Rc1 Rc8 16. Bxf6 Bxf6 17. b4 O-O 18. bxc5 Qe7 19. Re1 Rxc5 20. Rxc5 Qxc5 21. Nb3 Qa3 22. Bxd5 Qxa2 23. Nc5 Qa5 24. Nxa6 Qxa6 25. Qb3 g6 26. e3 Qb6 1/2-1/2

[Event "2BLS 2324 SV 1920 Hofheim - SK Schmiden/"]
[Site "?"]
[Date "2024.03.17"]
[Round "10.4"]
[White "Ginsburg, Gennadi"]
[Black "Holzhaeuer, Mathias"]
[Result "1-0"]
[WhiteElo "2431"]
[BlackElo "2217"]
[PlyCount "47"]
[EventDate "2024.??.??"]

1. e4 d5 2. exd5 Qxd5 3. Nc3 Qd6 4. d4 Nf6 5. Nf3 c6 6. Ne5 Nbd7 7. f4 g6 8. Be3 Bg7 9. Qf3 Nd5 10. Nxd5 cxd5 11. O-O-O Nb6 12. g4 Qe6 13. Bb5+ Kf8 14. f5 Qf6 15. Rdf1 gxf5 16. gxf5 h5 17. Rhg1 Bh6 18. Ng6+ fxg6 19. Rxg6 Bxe3+ 20. Qxe3 Qf7 21. Qe5 Rg8 22. f6 Qe6 23. Rxg8+ Kxg8 24. Qg5+ 1-0

[Event "2BLS 2324 SV 1920 Hofheim - SK Schmiden/"]
[Site "?"]
[Date "2024.03.17"]
[Round "10.5"]
[White "Eisele, Steffen"]
[Black "Gurevich, Vladimir"]
[Result "1/2-1/2"]
[WhiteElo "2213"]
[BlackElo "2447"]
[PlyCount "26"]
[EventDate "2024.??.??"]

1. g3 e5 2. Bg2 Nf6 3. d3 d5 4. Nd2 Nc6 5. e4 g6 6. exd5 Nxd5 7. Ngf3 Bg7 8. O-O O-O 9. Nc4 Re8 10. a4 a5 11. Re1 Bf5 12. h3 h5 13. Kh2 Qd7 1/2-1/2